| 000 | 00447nam a2200181Ia 4500 | ||
|---|---|---|---|
| 008 | 180207s9999 xx 000 0 und d | ||
| 020 | _a9780007412921 | ||
| 050 | _bO973 2011 | ||
| 100 | _aOwen, Gareth. | ||
| 245 | _aRolling / | ||
| 245 | _cGareth Owen and Vicky Fieldhouse. | ||
| 260 | _aLondon : | ||
| 260 | _bCollins, | ||
| 260 | _c2011 | ||
| 300 | _a15 pages : | ||
| 300 | _bcolor illustration ; | ||
| 440 | _aCollins big cat poetry. | ||
| 999 |
_c355207 _d355207 |
||